[Event "Aegean Open"]
[Site "Agios Kirykos GRE"]
[Date "2010.07.21"]
[Round "9"]
[White "Ikonomopoulou,M"]
[Black "Moradiabadi,E"]
[Result "0-1"]
[WhiteElo "2066"]
[BlackElo "2571"]

1.e4 c5 2.Nf3 Nc6 3.Bb5 Nf6 4.Nc3 g6 5.O-O Bg7 6.Re1 O-O 7.h3 d6 8.Bxc6 bxc6
9.e5 Nd5 10.exd6 exd6 11.Nxd5 cxd5 12.d4 Bf5 13.Bg5 Qb6 14.Be7 Rfe8 15.dxc5 Qxc5
16.c3 Rab8 17.Nd4 Be4 18.Nb3 Rxb3 19.Qxb3 Rxe7 20.Qb8+ Bf8 21.Re2 Kg7 22.Rae1 Rc7
23.Kh1 Qb6 24.Qxb6 axb6 25.Rd1 Bf5 26.Re8 Rb7 27.Rxd5 Be6 28.Rd2 Bxa2 29.Ra8 Be6
30.f4 h5 31.Kg1 d5 32.Kf2 b5 33.Kf3 b4 34.cxb4 Rxb4 35.Ra6 Bf5 36.Rc6 Be4+
37.Kf2 Be7 38.Rc1 Bd6 39.g3 h4 40.Rf1 Bc5+ 41.Ke2 hxg3 42.Rc1 g2  0-1

[Event "15th Open"]
[Site "Balaguer ESP"]
[Date "2010.07.21"]
[Round "3"]
[White "Westerinen,H"]
[Black "Fluvia Poyatos,Joa"]
[Result "1/2-1/2"]
[WhiteElo "2347"]
[BlackElo "2499"]

1.e4 c5 2.Nf3 Nc6 3.Bb5 g6 4.O-O Bg7 5.c3 Nf6 6.Re1 O-O 7.h3 d5 8.e5 Ne8
9.d4 cxd4 10.cxd4 Nc7 11.Ba4 b5 12.Bb3 Bf5 13.Nc3 b4 14.Ne2 Be4 15.Ng5 Na5
16.Nxe4 Nxb3 17.Qxb3 dxe4 18.Qxb4 f5 19.Bg5 Nd5 20.Qb3 Rb8 21.Bxe7 Rxb3 22.Bxd8 Rxb2
23.Ba5 Rc8 24.Rab1 Rxa2 25.Rb5 Ne7 26.Nf4 Bh6 27.Nd5 Nxd5 28.Rxd5 e3 29.fxe3 Rcc2
30.e6 Rxg2+ 31.Kh1 Rg3 32.Re5 Rxh3+ 33.Kg1 Rg3+ 34.Kh1 Rh3+ 35.Kg1 Rg3+ 36.Kh1  1/2-1/2

[Event "XIV Battle Of Senta"]
[Site "Senta SRB"]
[Date "2010.07.21"]
[Round "6"]
[White "Osmanovic,F"]
[Black "Manojlovic,Sa"]
[Result "1-0"]
[WhiteElo "2140"]
[BlackElo "2124"]

1.e4 c5 2.Nf3 Nc6 3.Bb5 Na5 4.c3 a6 5.Ba4 b5 6.Bc2 d6 7.O-O e5 8.d4 Qc7 9.dxe5 dxe5
10.Qd5 Nc6 11.Nxe5 Bb7 12.Nxc6 Bxc6 13.Bf4 Qb7 14.Qe5+ Ne7 15.Rd1 Rc8 16.Nd2 f6
17.Qh5+ g6 18.Qh3 Bd7 19.Qg3 Bg7 20.Bd6 Be6 21.f4 O-O 22.f5 Bf7 23.e5 fxe5
24.fxg6 Nxg6 25.Bxf8 Rxf8 26.Be4 Qb6 27.Nf3 Kh8 28.Rd7 Nf4 29.Qh4 Bg6 30.Qe7 c4+
31.Kh1 Rg8 32.Ng5 h6 33.Nf7+ Kh7 34.Rd6 Qb8 35.Rxg6 Nxg6 36.Nxe5 Rf8 37.Bxg6+ Kh8
38.Nf7+ Kg8 39.Nxh6+  1-0

[Event "XIX ch-Macedonia Open"]
[Site "Struga MKD"]
[Date "2010.07.21"]
[Round "5"]
[White "Stojkovska,M"]
[Black "Peev, Kosta"]
[Result "1-0"]
[WhiteElo "1910"]
[BlackElo "1630"]

1.e4 c5 2.Nf3 Nc6 3.Bb5 g6 4.Bxc6 dxc6 5.d3 Bg7 6.h3 e5 7.Nc3 Ne7 8.Be3 b6
9.Qd2 O-O 10.Bh6 f6 11.h4 Bg4 12.O-O-O b5 13.Kb1 Be6 14.h5 g5 15.Bxg7 Kxg7
16.Nxg5 fxg5 17.Qxg5+ Kf7 18.Qxe5 Qd4 19.Qh2 Ke8 20.f4 c4 21.f5 Bg8 22.Ne2 Qc5
23.d4 Qb6 24.Qe5 Kd7 25.f6 Nc8 26.Nf4 Rf7 27.d5 Rf8 28.Ne6 Bxe6 29.dxe6+ Ke8
30.f7+  1-0

[Event "XIX ch-Macedonia Open"]
[Site "Struga MKD"]
[Date "2010.07.21"]
[Round "5"]
[White "Nikolov,Sas"]
[Black "Stojanovski,D"]
[Result "1-0"]
[WhiteElo "2409"]
[BlackElo "2437"]

1.e4 c5 2.Nf3 Nc6 3.Bb5 g6 4.O-O Bg7 5.Re1 e5 6.d3 Nge7 7.c3 O-O 8.a3 a6
9.Ba4 b6 10.b4 d6 11.Nbd2 h6 12.Nf1 b5 13.Bb3 cxb4 14.axb4 d5 15.Be3 d4 16.cxd4 exd4
17.Bd2 Qd6 18.Ng3 g5 19.Rc1 Bd7 20.h4 Bg4 21.hxg5 hxg5 22.Rc5 Ne5 23.Bxg5 Rac8
24.Bxe7 Qxe7 25.Nf5 Bxf5 26.Rxe5 Bxe5 27.exf5 Qf6 28.Rxe5 Rc3 29.g4 Rfc8
30.g5 Qh8 31.Kg2 Rc1 32.Qxc1  1-0

[Event "Corporation Centre Cup"]
[Site "Izhevsk RUS"]
[Date "2010.07.22"]
[Round "8"]
[White "Baigildin,Albert"]
[Black "Pershina,E"]
[Result "1-0"]
[WhiteElo "2075"]
[BlackElo "2028"]

1.e4 c5 2.Nf3 Nc6 3.Bb5 g6 4.O-O Bg7 5.Re1 Nd4 6.Nxd4 cxd4 7.d3 e5 8.f4 a6
9.Bc4 d6 10.c3 dxc3 11.Qb3 Qe7 12.Nxc3 Nf6 13.fxe5 dxe5 14.Bg5 O-O 15.Rf1 Be6
16.Nd5 Bxd5 17.Bxd5 Qc5+ 18.d4 Qd6 19.Bxf6 Bxf6 20.Rf3 exd4 21.Raf1 Be5 22.Rxf7 Kh8
23.Qxb7 Bg7 24.Rxg7 Rxf1+ 25.Kxf1 Qf4+ 26.Ke2 Qe3+ 27.Kd1 Qd3+ 28.Kc1 Qe3+
29.Kc2 d3+ 30.Kc3 d2+ 31.Kc2 d1=Q+ 32.Kxd1 Qd3+ 33.Kc1 Qe3+ 34.Kc2 Qe2+ 35.Kb3 Qd3+
36.Ka4  1-0

[Event "Corporation Centre Cup"]
[Site "Izhevsk RUS"]
[Date "2010.07.22"]
[Round "8"]
[White "Shcherbakov,R"]
[Black "Savina,A"]
[Result "1-0"]
[WhiteElo "2516"]
[BlackElo "2392"]

1.e4 c5 2.Nf3 Nc6 3.Bb5 d6 4.O-O Bd7 5.Re1 Nf6 6.h3 a6 7.Bf1 e6 8.c3 Be7
9.d4 cxd4 10.cxd4 d5 11.e5 Ne4 12.Nc3 Nxc3 13.bxc3 Na5 14.Rb1 Rc8 15.Re3 O-O
16.h4 Nc4 17.Rd3 f6 18.exf6 Bxf6 19.Ng5 h6 20.Rg3 Nd6 21.Bd3 e5 22.Ba3 e4
23.Bxd6 Ba4 24.Qxa4 Qxd6 25.Bxe4 hxg5 26.hxg5 dxe4 27.Qb3+ Kh7 28.gxf6 Qxf6
29.Rh3+ Kg6 30.Rg3+ Kh7 31.Rh3+ Kg6 32.Qc2 Qxd4 33.Qe2 Qd5 34.Qg4+ Kf7 35.Rg3 Rg8
36.Qf4+ Ke8 37.Rg5  1-0

[Event "6th WSCC U17"]
[Site "Kayseri TUR"]
[Date "2010.07.22"]
[Round "2"]
[White "Komut,K"]
[Black "Gor,O"]
[Result "1-0"]
[WhiteElo "1937"]
[BlackElo "1871"]

1.e4 c5 2.Nf3 Nc6 3.Bb5 Na5 4.O-O a6 5.Be2 e6 6.b3 Nf6 7.e5 Nd5 8.c4 Nf4
9.d4 Nxe2+ 10.Qxe2 cxd4 11.Bb2 Be7 12.Bxd4 Nc6 13.Bb2 O-O 14.Nbd2 f6 15.Ne4 fxe5
16.Nxe5 d5 17.Rad1 Qc7 18.cxd5 exd5 19.Rxd5 Be6 20.Nxc6 Qxc6 21.Re5 Rf5 22.Rxf5 Bxf5
23.Ng3 Qe6 24.Re1 Qxe2 25.Rxe2 Rd8 26.h3 Rd1+ 27.Kh2 Bd6 28.Be5 Bxe5 29.Rxe5 Bd7
30.Re2 Bc6 31.f3 Kf7 32.Ne4 Bxe4 33.Rxe4 Kf6 34.Kg3 Ra1 35.a4 a5 36.Kg4 Rb1
37.Re3 Rg1 38.Kg3 Rb1 39.h4 g6 40.Kf4 h5 41.Rd3 Rb2 42.g3 Ke6 43.Kg5 Ke5
44.Kxg6 Rg2 45.Kxh5 Rc2 46.Kg5 Rc7 47.g4 Rc8 48.h5 Rg8+ 49.Kh6 Kf6 50.Rd6+ Ke5
51.Rb6 Kf4 52.Rxb7  1-0

[Event "3rd Open"]
[Site "Paleochora GRE"]
[Date "2010.07.22"]
[Round "2"]
[White "Valenti,G"]
[Black "Kryvoruchko,Y"]
[Result "0-1"]
[WhiteElo "2169"]
[BlackElo "2609"]

1.e4 c5 2.Nf3 Nc6 3.Bb5 g6 4.O-O Bg7 5.c3 Nf6 6.Re1 O-O 7.d4 d5 8.e5 Ne4
9.h3 Qb6 10.Bf1 cxd4 11.cxd4 f6 12.Nc3 Be6 13.exf6 Bxf6 14.Be3 Rfd8 15.a3 Rac8
16.Na4 Qc7 17.Rc1 Bf7 18.b4 Qb8 19.Nc5 a6 20.Nd3 Rf8 21.Bf4 Qa7 22.Nc5 Rcd8
23.Ne5 Nxe5 24.dxe5 Bg7 25.Nxe4 dxe4 26.Qe2 Bd5 27.Qg4 b5 28.Rc5 e6 29.Rec1 Qf7
30.Bg3 Bh6 31.Re1 Rc8 32.Qd1 Rxc5 33.bxc5 Qc7 34.a4 Qxc5 35.axb5 axb5 36.Qb1 b4
37.Rxe4 Bxe4 38.Qxe4 b3 39.Bc4 Qb6  0-1

[Event "XIX ch-Macedonia Open"]
[Site "Struga MKD"]
[Date "2010.07.22"]
[Round "6"]
[White "Stojanovski,D"]
[Black "Vasovski,N"]
[Result "1-0"]
[WhiteElo "2437"]
[BlackElo "2312"]

1.e4 c5 2.Nf3 Nc6 3.Bb5 Nf6 4.Bxc6 dxc6 5.d3 g6 6.h3 Bg7 7.Nc3 O-O 8.Be3 Nd7
9.Qd2 e5 10.Bh6 Re8 11.Bxg7 Kxg7 12.O-O Nf8 13.Ne2 Qf6 14.Nh2 h5 15.Rab1 Ne6
16.f4 exf4 17.Nxf4 Nxf4 18.Rxf4 Qd4+ 19.Kh1 Be6 20.a3 c4 21.Nf3 Qd7 22.Qc3+ Kg8
23.Ne5 Qc7 24.Rbf1 Re7 25.Nxc4 Bxc4 26.Qxc4 Rf8 27.a4 a5 28.b3 Qe5 29.d4 Qe6
30.Qd3 Rd7 31.c4 Qe5 32.dxe5 Rxd3 33.e6 f5 34.exf5 gxf5 35.Rxf5 Rxf5 36.Rxf5 Rxb3
37.Rxh5 Re3 38.Rxa5  1-0

[Event "Corporation Centre Cup"]
[Site "Izhevsk RUS"]
[Date "2010.07.23"]
[Round "9"]
[White "Ovetchkin,R"]
[Black "Toropov,P"]
[Result "1/2-1/2"]
[WhiteElo "2511"]
[BlackElo "2174"]

1.e4 c5 2.Nf3 Nc6 3.Bb5 g6 4.Bxc6 dxc6 5.d3 Bg7 6.h3 Nf6 7.Nc3 O-O 8.Be3 b6
9.Qd2 Ne8 10.Bh6 f6 11.Bxg7 Nxg7 12.Ne2 e5 13.Nh2 f5 14.Nf3 fxe4 15.dxe4 Qxd2+
16.Kxd2 Ba6 17.Rhd1 Ne6 18.c3 Rad8+ 19.Ke1 Bxe2 20.Rxd8 Rxd8 21.Kxe2 Nf4+
22.Kf1 Kg7 23.g3 Nxh3 24.Kg2 Rf8 25.Rd1 g5 26.Rd7+ Kg8 27.Rd2 g4 28.Nxe5 Ng5
29.Nxg4 Nxe4 30.Re2 Nd6 31.Re7 h5 32.Nh6+ Kh8 33.Rd7 Nc4 34.b3 Ne5 35.Re7 Nd3
36.f4 h4 37.Nf7+ Kg8 38.Ne5 Nc1 39.Nxc6 hxg3 40.Kxg3 Rf6 41.Nxa7 Nxa2 42.Re3 Nc1
43.Kg4 Nxb3 44.f5 Na5 45.Kg5 Kf7 46.Nc8 Rc6 47.Ne7 Rd6 48.Ng6 Nc6 49.Rh3 Kg7
50.Nf4 Nd8 51.f6+ Kg8 52.Kf5 Rd1 53.Rg3+ Kf8 54.Ng6+ Kf7 55.Ne5+ Kf8 56.c4 Rf1+
57.Rf3 Rg1 58.Nd7+ Kf7 59.Rh3 Rf1+ 60.Ke5 Re1+ 61.Kd6 Rd1+ 62.Kc7 Ne6+ 63.Kc8 Nf8
64.Nxb6 Kxf6 65.Rf3+ Kg7 66.Rf2 Rd4 67.Kc7 Ne6+ 68.Kc6 Rf4 69.Rxf4 Nxf4 70.Kxc5 Kf7
71.Nd5 Nd3+ 72.Kd4 Nb2 73.c5 Ke6 74.Nb6 Nd1 75.Kc4 Ne3+ 76.Kb5 Nf5 77.Kc6 Nd4+
78.Kb7 Nb3 79.Na4 Nxc5+ 80.Nxc5+ Kd5  1/2-1/2

[Event "3rd Open"]
[Site "Paleochora GRE"]
[Date "2010.07.23"]
[Round "3"]
[White "Zubarev,Al1"]
[Black "Llaneza Vega,P"]
[Result "1-0"]
[WhiteElo "2562"]
[BlackElo "2289"]

1.e4 c5 2.Nf3 Nc6 3.Bb5 Nf6 4.Nc3 Qc7 5.d3 Nd4 6.Ba4 a6 7.Nxd4 cxd4 8.Ne2 Qa5+
9.c3 dxc3 10.Nxc3 e6 11.O-O Be7 12.Bd2 Qh5 13.Qxh5 Nxh5 14.Rfc1 Nf6 15.e5 Ng4
16.d4 f5 17.Bd1 b5 18.Bf3 Rb8 19.Ne2 Bd8 20.Bb4 Be7 21.Bxe7 Kxe7 22.Rc7 Nh6
23.d5 exd5 24.Bxd5 Ng4 25.f4 Ne3 26.Bf3 Kd8 27.Ra7 Re8 28.Nd4 Rb6 29.Rc1 Nc4
30.b3  1-0

[Event "3rd Open"]
[Site "Paleochora GRE"]
[Date "2010.07.23"]
[Round "3"]
[White "Orlov,And"]
[Black "Villar Nieves,A"]
[Result "1-0"]
[WhiteElo "2502"]
[BlackElo "2209"]

1.e4 c5 2.Nf3 Nc6 3.Bb5 g6 4.O-O Bg7 5.Re1 e5 6.Bxc6 dxc6 7.d3 Ne7 8.a3 a5
9.Be3 b6 10.Nbd2 Qc7 11.b4 axb4 12.axb4 Rxa1 13.Qxa1 cxb4 14.Qa4 O-O 15.Qxb4 c5
16.Qb2 Be6 17.Rb1 Rb8 18.Nc4 Bxc4 19.dxc4 Qc6 20.Nd2 Nc8 21.Qa3 Ra8 22.Qd3 Ne7
23.Qb3 Nc8 24.f3 Bf6 25.Kf2 Bd8 26.Rd1 Bc7 27.Nb1 Nd6 28.Nc3 Kg7 29.Nd5 Bd8
30.Qc3 f6 31.Qd3 Nf7 32.Nc3 Kf8 33.g4 Be7 34.Nd5 Bd8 35.h4 Qe6 36.Kg3 Ra7
37.Rh1 Ra4 38.h5 g5 39.Rd1 Ke8 40.Qb3 Qc6 41.Nc3 Ra8 42.Kf2 Nd6 43.Ke2 Ra6
44.Rxd6  1-0

[Event "21st Czech GM Open"]
[Site "Pardubice CZE"]
[Date "2010.07.23"]
[Round "1"]
[White "Velicka,P"]
[Black "Zwardon,V"]
[Result "1-0"]
[WhiteElo "2483"]
[BlackElo "2247"]

1.e4 c5 2.Nf3 Nc6 3.Bb5 g6 4.Bxc6 dxc6 5.d3 Bg7 6.h3 Nf6 7.Nc3 O-O 8.Be3 b6
9.Qd2 e5 10.Bh6 Qd6 11.g4 Be6 12.Bxg7 Kxg7 13.Ng5 c4 14.O-O-O h6 15.Nxe6+ Qxe6
16.d4 exd4 17.Qxd4 Rfd8 18.Qe3 b5 19.e5 Nd5 20.Nxd5 cxd5 21.f4 b4 22.f5 Qb6
23.Qd4 Rd7 24.e6+ Qxd4 25.Rxd4 fxe6 26.fxe6 Rd6 27.Rhd1 Rad8 28.e7 Re8 29.Rxc4 dxc4
30.Rxd6 Rxe7 31.Rc6 Re4 32.Kd2 a5 33.Rc5 a4 34.Rb5 c3+ 35.bxc3 bxc3+ 36.Kd3 Rf4
37.Re5 Rf1 38.Kxc3 Rf3+ 39.Kb4 Rxh3 40.c4 Rh2 41.a3 Rh4 42.c5 Rxg4+ 43.Kb5 Rg3
44.c6 Rb3+ 45.Kxa4 Rc3 46.Kb5 Rxa3 47.c7 Ra8 48.Rd5 Rc8 49.Kc6 h5 50.Rd8 Rxc7+
51.Kxc7 Kf6 52.Kd6 h4 53.Kd5 Kf5 54.Kd4 Kf4 55.Kd3 Kf3 56.Rf8+ Kg2 57.Ke2 h3
58.Rf2+ Kg3 59.Rf6 g5 60.Kf1 Kh2 61.Kf2 g4 62.Rg6 Kh1 63.Kg3 Kg1 64.Ra6  1-0

[Event "21st Czech GM Open"]
[Site "Pardubice CZE"]
[Date "2010.07.23"]
[Round "1"]
[White "Zhou,S"]
[Black "Pileckis,E"]
[Result "0-1"]
[WhiteElo "2229"]
[BlackElo "2438"]

1.e4 c5 2.Nf3 Nc6 3.Bb5 g6 4.O-O Bg7 5.d3 Qb6 6.Nc3 a6 7.Nd5 Qd8 8.Bxc6 bxc6
9.Ne3 Nf6 10.e5 Nd5 11.Nc4 O-O 12.Bd2 f6 13.Ba5 Qe8 14.exf6 Bxf6 15.Re1 Qf7
16.Nce5 Qg7 17.Qd2 d6 18.c4 Bxe5 19.Nxe5 Nf4 20.Nxc6 e5 21.b4 Qb7 22.b5 axb5
23.cxb5 Qxb5 24.Ne7+ Kf7 25.Nxc8 Rfxc8 26.g3 Qxa5 27.Qxa5 Nh3+ 28.Kg2 Rxa5
29.Kxh3 Rca8 30.f4 exf4 31.Rf1 Rxa2 32.Rxf4+ Ke6 33.Re1+ Kd5 34.Rf7 R8a7
35.Rxa7 Rxa7 36.Kg4 Kd4 37.Kg5 d5 38.Rd1 Rf7 39.g4 Ke3 40.h4 d4 41.Kh6 Ke2
42.Rc1 Rc7  0-1

[Event "21st Czech GM Open"]
[Site "Pardubice CZE"]
[Date "2010.07.23"]
[Round "1"]
[White "Sergienko,S"]
[Black "Chiaretti,R"]
[Result "1-0"]
[WhiteElo "2412"]
[BlackElo "2209"]

1.e4 c5 2.Nf3 Nc6 3.Bb5 Nf6 4.Nc3 g6 5.e5 Ng4 6.Bxc6 dxc6 7.h3 Nh6 8.d3 Bg7
9.O-O O-O 10.Bf4 Nf5 11.Re1 Nd4 12.Nd2 Be6 13.b3 Qa5 14.Nce4 Rad8 15.a3 Qb6
16.Qc1 Bd5 17.Nc4 Bxc4 18.bxc4 Ne6 19.Bh6 Qc7 20.Bxg7 Kxg7 21.Qb2 Kg8 22.a4 Qd7
23.a5 Rb8 24.Qc1 Qd4 25.Nd2 Rfe8 26.Re4 Qd7 27.Nf3 f5 28.Rh4 Nf8 29.Qe3 b6
30.d4 cxd4 31.Rxd4 Qc7 32.e6 Rbd8 33.Rh4 Qc8 34.Ng5 Rd6 35.axb6 axb6 36.Re1 c5
37.Qe5 Red8 38.Nf7  1-0

[Event "TCh-MNE Premier League"]
[Site "Cetinje MNE"]
[Date "2010.07.24"]
[Round "1"]
[White "Kovacevic,A"]
[Black "Ivanovic,B"]
[Result "1-0"]
[WhiteElo "2581"]
[BlackElo "2410"]

1.e4 c5 2.Nf3 Nc6 3.Bb5 e6 4.Bxc6 bxc6 5.Qe2 Ne7 6.h4 h5 7.d3 Ng6 8.e5 f6
9.Qe4 Kf7 10.Nbd2 Be7 11.Nc4 Ba6 12.Bf4 Bxc4 13.dxc4 d5 14.exd6 Bxd6 15.Bxd6 Qxd6
16.Rd1 Qc7 17.O-O Rhe8 18.Rfe1 Rac8 19.g3 Re7 20.Rd3 Rb8 21.b3 Nf8 22.Red1 g6
23.Qe3 e5 24.Nd2 Rd8 25.Ne4 Rxd3 26.Rxd3 Rd7 27.Nxc5 Rxd3 28.cxd3 Qa5 29.a4 Qb6
30.d4 exd4 31.Qxd4 Ke7 32.a5 Qxa5 33.Qe4+ Kf7 34.Qxc6 Qb6 35.Qd5+ Ke7 36.Kf1 Qb8
37.Ke2 Qb6 38.Kd3 Qa5 39.Qb7+ Ke8 40.Qc6+ Kf7 41.Ne4 Qa1 42.Qb7+ Kg8 43.Qe7 Qd1+
44.Kc3 Nh7 45.Qxa7 f5 46.Qb8+ Nf8 47.Ng5 Qe1+ 48.Kd3 Qxf2 49.Qc7 Qf1+ 50.Kc2 Qe2+
51.Kc3 Qe1+ 52.Kb2 Qe8 53.c5 Nd7 54.c6 Qe2+ 55.Ka3 Qe7+ 56.b4 Qe3+ 57.Ka4 Ne5
58.Qd8+ Kg7 59.Qe7+ Kg8 60.Ne6  1-0

[Event "TCh-MNE Premier League"]
[Site "Cetinje MNE"]
[Date "2010.07.24"]
[Round "1"]
[White "Solak,D"]
[Black "Miladinovic,I"]
[Result "1/2-1/2"]
[WhiteElo "2567"]
[BlackElo "2552"]

1.e4 c5 2.Nf3 Nc6 3.Bb5 e6 4.Bxc6 bxc6 5.d3 Ne7 6.h4 h5 7.e5 Ng6 8.Qe2 d5
9.exd6 Bxd6 10.Nc3 e5 11.Qe4 O-O 12.Ng5 Rb8 13.a3 Be7 14.b3 Qd4 15.Bd2 Qxe4+
16.Ncxe4 f6 17.Nf3 Rd8 18.Ng3 Rd5 19.Nxh5 a5 20.a4 e4 21.Nf4 Nxf4 22.Bxf4 Rb4
23.Nd2 exd3 24.c4 Rd7 25.O-O-O Rdb7 26.Rhe1 Kf7  1/2-1/2

[Event "TCh-CHN"]
[Site "Shanghai CHN"]
[Date "2010.07.24"]
[Round "7"]
[White "Wang Chen"]
[Black "Wen Yang"]
[Result "0-1"]
[WhiteElo "2390"]
[BlackElo "2520"]

1.e4 c5 2.Nf3 Nc6 3.Bb5 g6 4.O-O Bg7 5.c3 Nf6 6.Qe2 O-O 7.Rd1 e5 8.d3 d6
9.Nbd2 Qc7 10.a3 Be6 11.Bc4 d5 12.Bb5 Na5 13.Ba4 a6 14.exd5 Nxd5 15.Ne4 Nb6
16.Bc2 Nb3 17.Bxb3 Bxb3 18.Re1 Rad8 19.Bg5 f6 20.Be3 Na4 21.d4 cxd4 22.cxd4 Bd5
23.Rac1 Qd7 24.Nc5 Nxc5 25.dxc5 e4 26.Nd2 f5 27.Bg5 Bxb2 28.Rcd1 Bf6 29.Bxf6 Rxf6
30.Nc4 Qe7 31.Nd6 Bc6 32.Qc4+ Qe6 33.Qb4 Rff8 34.f3 Rd7 35.Rd4 Qf6 36.Qc4+ Kh8
37.f4 Rg7 38.Rd2 g5 39.fxg5 Rxg5 40.Rf2 Qg7 41.Qa2 f4 42.Nxe4 Re5 43.Qb1 f3
44.Nd6 Rg5 45.Qc2 Rxg2+ 46.Rxg2 fxg2 47.Nf5 Qf6 48.Ne3 Qd4 49.Qd1 Rf1+  0-1

[Event "Sparkassen Open A"]
[Site "Dortmund GER"]
[Date "2010.07.25"]
[Round "9"]
[White "Rott,G"]
[Black "Aulich,M"]
[Result "1/2-1/2"]
[WhiteElo "2221"]
[BlackElo "2102"]

1.e4 c5 2.Nf3 Nc6 3.Bb5 g6 4.O-O Bg7 5.Re1 Nf6 6.h3 O-O 7.c3 h6 8.Bf1 e5
9.d4 cxd4 10.cxd4 exd4 11.Nxd4 Nxd4 12.Qxd4 Re8 13.Qa4 d5 14.e5 Ne4 15.f4 Bd7
16.Qb3 Qh4 17.Re2 Ng3 18.Rf2 Bf8 19.Be3 Nf5 20.Nd2 d4 21.Nf3 dxe3 22.Nxh4 exf2+
23.Kxf2 Bc5+ 24.Ke1 Nxh4 25.g3 Nf5 26.Bc4 Be6 27.Bxe6 Rxe6 28.Rd1 Bb6 29.Rd3 Rc8
30.Kd1 Rec6 31.g4 Rc1+ 32.Kd2 Ba5+ 33.Ke2 R8c2+ 34.Kf3 Nh4+ 35.Ke4 Re2+ 36.Kd5 Bb6
37.Kd6 Rc6+ 38.Kd7 Ng2 39.Qb4 Rc7+ 40.Ke8 Rc8+ 41.Kd7 Rd8+ 42.Ke7 Rxd3 43.Qc4 Red2
44.Qxf7+  1/2-1/2

[Event "6th WSCC U17"]
[Site "Kayseri TUR"]
[Date "2010.07.25"]
[Round "5"]
[White "Toksoz,L"]
[Black "Olcum,A"]
[Result "1/2-1/2"]
[WhiteElo "1895"]
[BlackElo "1949"]

1.e4 c5 2.Nf3 Nc6 3.Bb5 g6 4.O-O Bg7 5.Nc3 Nf6 6.Re1 O-O 7.e5 Ng4 8.Bxc6 dxc6
9.h3 Nh6 10.Ne4 b6 11.d3 Nf5 12.Bf4 Be6 13.Neg5 Bd5 14.Nh2 h6 15.Ngf3 Nd4
16.Nxd4 cxd4 17.Qd2 Kh7 18.c4 dxc3 19.bxc3 Qd7 20.Ng4 h5 21.Ne3 Rfd8 22.Rad1 c5
23.Qe2 Qc6 24.d4 c4 25.Nxd5 Qxd5 26.g4 hxg4 27.Qxg4 Rh8 28.Re3 Kg8 29.e6 Qf5
30.exf7+ Kxf7 31.Qg2 Bf6 32.Be5 Rad8 33.Bxf6 exf6 34.Rde1 Rd7 35.Rf3 Qd5
36.Qg3 Rh5 37.Rf4 Qg5 38.Qxg5 Rxg5+ 39.Rg4 Ra5 40.Re2 Ra3 41.Rg3 Rd5 42.Rge3 g5
43.Rc2 Rd7 44.Rce2 f5 45.Rc2 Re7 46.Kg2 f4 47.Rxe7+ Kxe7 48.Kf3 Kf6 49.h4 gxh4
50.Kxf4 h3 51.Kg3 b5 52.f3 Kf5 53.Kxh3 b4 54.cxb4 Rxf3+ 55.Kg2 Ra3 56.Rxc4 Rxa2+
57.Kf3 Ra3+ 58.Ke2 Ke4 59.Kd2 Kd5  1/2-1/2

[Event "ch-AUT"]
[Site "Vienna AUT"]
[Date "2010.07.25"]
[Round "2"]
[White "Mahdi,K"]
[Black "Halvax,G"]
[Result "0-1"]
[WhiteElo "2395"]
[BlackElo "2255"]

1.e4 c5 2.Nf3 Nc6 3.Bb5 d6 4.O-O Bd7 5.Re1 Nf6 6.h3 a6 7.Bf1 g5 8.Nxg5 Rg8
9.d4 cxd4 10.f4 h6 11.Nxf7 Kxf7 12.e5 dxe5 13.fxe5 Bxh3 14.Qf3 Bg4 15.Qf2 Nxe5
16.Rxe5 e6 17.Bf4 Bd6 18.Nd2 Bxe5 19.Bxe5 Bf5 20.Bc4 Kg6 21.Rf1 Ng4 22.Qe2 Nxe5
23.Qxe5 Qf6 24.Qe2 Kh7 25.Nf3 Rg7 26.Rf2 Rag8 27.Bd3 Kh8 28.Ne5 Qg5  0-1

[Event "Tch-POR 1st Div GpA"]
[Site "Vila Nova de Gaia POR"]
[Date "2010.07.25"]
[Round "2"]
[White "Ribeiro,Fe"]
[Black "Parreira,A"]
[Result "1-0"]
[WhiteElo "2273"]
[BlackElo "1748"]

1.e4 c5 2.Nf3 Nc6 3.Bb5 Nd4 4.a4 g6 5.O-O Bg7 6.Re1 Nf6 7.Nc3 O-O 8.d3 d6
9.h3 Nd7 10.Nd5 e6 11.Ne3 Qa5 12.Nxd4 cxd4 13.Nc4 Qc7 14.Bxd7 Bxd7 15.Bf4 e5
16.Bd2 Be6 17.b3 f5 18.Bb4 Rad8 19.f3 Bh6 20.Ba5 b6 21.Bd2 f4 22.c3 Qe7 23.cxd4 Qg5
24.g4 Qh4 25.Re2 Bg5 26.Qf1 exd4 27.Rc1 Be7 28.Be1 Qf6 29.Bf2 h5 30.Qg2 hxg4
31.hxg4 Kf7 32.e5 Qg5 33.Bxd4 d5 34.Nd6+ Bxd6 35.exd6 Rxd6 36.Qh2 Ke7 37.Qh7+ Rf7
38.Rxe6+ Rxe6 39.Rc7+ Kd6 40.Qxf7 Re1+ 41.Kg2 Re2+ 42.Kf1 Re1+ 43.Kxe1 Qh4+
44.Bf2  1-0

[Event "21st Czech GM Open"]
[Site "Pardubice CZE"]
[Date "2010.07.26"]
[Round "4"]
[White "Haimovich,T"]
[Black "Agaragimov,D"]
[Result "1/2-1/2"]
[WhiteElo "2427"]
[BlackElo "2311"]

1.e4 c5 2.Nf3 Nc6 3.Bb5 Qb6 4.Nc3 e6 5.O-O Nge7 6.Re1 Nd4 7.Bf1 Nec6 8.b3 Be7
9.Bb2 a6 10.Rc1 O-O 11.Nxd4 cxd4 12.Ne2 d6 13.c3 Bf6 14.cxd4 Nxd4 15.Nxd4 Bxd4
16.Bxd4 Qxd4 17.Rc7 e5  1/2-1/2

[Event "21st Czech GM Open"]
[Site "Pardubice CZE"]
[Date "2010.07.26"]
[Round "4"]
[White "Kislik,E"]
[Black "Bryzgalin,K"]
[Result "0-1"]
[WhiteElo "2329"]
[BlackElo "2499"]

1.e4 c5 2.Nf3 Nc6 3.Bb5 g6 4.Bxc6 dxc6 5.d3 Bg7 6.O-O Nf6 7.Nbd2 O-O 8.Re1 Ne8
9.h3 Nc7 10.a4 Ne6 11.Nb3 Qd6 12.a5 Rd8 13.Ra4 Bd7 14.e5 Qc7 15.Rae4 b6 16.Bd2 Nf8
17.Qc1 Be6 18.Bf4 Bxb3 19.cxb3 Ne6 20.Bh6 Bh8 21.R1e3 Rd5 22.axb6 axb6 23.b4 Rad8
24.bxc5 Nxc5 25.Rc4 Nxd3 26.Rxc6 Qb8 27.Qc4 Nxe5 28.Nxe5 Bxe5 29.Re1 b5 30.Qc2 e6
31.Qe2 Bh2+ 32.Kh1 Bf4 33.Bxf4 Qxf4 34.g3 Qf5 35.Kh2 Rd2 36.Rc8 Qxf2+  0-1

[Event "Tch-POR 1st Div Final"]
[Site "Vila Nova de Gaia POR"]
[Date "2010.07.26"]
[Round "3.2"]
[White "Johannessen,LE"]
[Black "Correia,J"]
[Result "1-0"]
[WhiteElo "2522"]
[BlackElo "1656"]

1.e4 c5 2.Nf3 Nc6 3.Bb5 a6 4.Bxc6 bxc6 5.O-O e6 6.d3 d5 7.Nc3 Nf6 8.b3 Be7
9.Bb2 O-O 10.Qe2 Qc7 11.Rae1 d4 12.Na4 e5 13.Nd2 Ne8 14.Ba3 Qa7 15.Nc4 f6
16.f4 Be6 17.fxe5 Bxc4 18.exf6 Nxf6 19.dxc4 Nd7 20.e5 Rae8 21.e6 Rxf1+ 22.Rxf1 Nf8
23.Qh5 g6 24.Qf3 Qb8 25.Qf7+ Kh8 26.Bxc5 Nxe6 27.Bxe7 Ng7 28.Bf6  1-0

[Event "TCh-MNE Premier League"]
[Site "Cetinje MNE"]
[Date "2010.07.27"]
[Round "4"]
[White "Todorovic,J"]
[Black "Vuckovic,Bo"]
[Result "1/2-1/2"]
[WhiteElo "2410"]
[BlackElo "2623"]

1.e4 c5 2.Nf3 Nc6 3.Bb5 d6 4.O-O Bd7 5.c3 Nf6 6.Re1 a6 7.Ba4 b5 8.Bc2 Bg4
9.h3 Bxf3 10.Qxf3 g6 11.a4 Rb8 12.axb5 axb5 13.b4 Bg7 14.bxc5 dxc5 15.d4 cxd4
16.e5 Nd5 17.Bb3 e6 18.Ba3 b4 19.Ba4 O-O 20.Bxc6 dxc3 21.Bxd5 Qxd5 22.Qxd5 exd5
23.Bxb4 Rxb4 24.Nxc3 Rd8 25.Rad1 d4 26.Re4 Bf8 27.Na2 Ra4 28.Nc1 Ra1 29.Ree1 Bg7
30.Nd3 Rxd1 31.Rxd1 f6  1/2-1/2

[Event "TCh-MNE Premier League"]
[Site "Cetinje MNE"]
[Date "2010.07.27"]
[Round "4"]
[White "Batricevic,S"]
[Black "Popadic,Dr"]
[Result "1-0"]
[WhiteElo "2240"]
[BlackElo "2268"]

1.e4 c5 2.Nf3 Nc6 3.Bb5 d6 4.d4 cxd4 5.Qxd4 Bd7 6.Bxc6 Bxc6 7.Nc3 Nf6 8.Bg5 e6
9.O-O-O Be7 10.Rhe1 O-O 11.Qd2 Qc7 12.Nd4 Rfd8 13.f3 Rab8 14.g4 b5 15.Kb1 b4
16.Nce2 a5 17.Ng3 Be8 18.Nh5 Nxh5 19.gxh5 Rb7 20.Rg1 a4 21.e5 Kh8 22.Bxe7 Qxe7
23.Rxg7 Kxg7 24.Rg1+ Kh8 25.Qh6 f5 26.exf6 Qf7 27.Rg7 Qxh5 28.Rxh7+  1-0

[Event "21st Czech GM Open"]
[Site "Pardubice CZE"]
[Date "2010.07.27"]
[Round "5"]
[White "Breder,D"]
[Black "Schlosser,P"]
[Result "1/2-1/2"]
[WhiteElo "2429"]
[BlackElo "2575"]

1.e4 c5 2.Nf3 Nc6 3.Bb5 Nf6 4.Nc3 Qc7 5.d3 d6 6.O-O e6 7.Re1 Bd7 8.Bf4 Ne5
9.Nxe5 dxe5 10.Bg5 Be7 11.a4 O-O 12.Bxd7 Qxd7 13.Qe2 Rfd8 14.b3 Ne8 15.Be3 Nc7
16.Qh5 Na6 17.Nb5 Nb4 18.Na3 f6 19.Red1 b6 20.c3 Nc6  1/2-1/2

[Event "21st Czech GM Open"]
[Site "Pardubice CZE"]
[Date "2010.07.28"]
[Round "6"]
[White "Chiaretti,R"]
[Black "Kuipers,S"]
[Result "0-1"]
[WhiteElo "2209"]
[BlackElo "2354"]

1.e4 c5 2.Nf3 Nc6 3.Bb5 d6 4.O-O Bd7 5.c3 a6 6.Ba4 b5 7.Bc2 Bg4 8.h3 Bxf3
9.Qxf3 g6 10.d3 Bg7 11.Be3 Nf6 12.d4 cxd4 13.cxd4 O-O 14.Nc3 Rc8 15.Rad1 Nd7
16.Bb1 Nb6 17.Ne2 Qd7 18.Qg3 d5 19.e5 f6 20.exf6 Rxf6 21.h4 Nc4 22.Bg5 Rd6
23.Bc1 e5 24.b3 exd4 25.bxc4 dxc4 26.Be4 Re8 27.f3 d3 28.Nf4 Nd4 29.Rfe1 Be5
30.Qf2 Nc2 31.Bd5+ Rxd5 32.Nxd5 Qxd5 33.f4 Nxe1 34.fxe5 Qxe5 35.Bd2 Nc2  0-1

[Event "21st Czech GM Open"]
[Site "Pardubice CZE"]
[Date "2010.07.29"]
[Round "7"]
[White "Maximov,D"]
[Black "Schulz,Je"]
[Result "1-0"]
[WhiteElo "2506"]
[BlackElo "2156"]

1.e4 c5 2.Nf3 Nc6 3.Bb5 e6 4.O-O Nge7 5.Re1 a6 6.Bf1 d6 7.c3 Ng6 8.d4 Be7
9.d5 exd5 10.exd5 Nce5 11.Nxe5 Nxe5 12.Bf4 Ng6 13.Bg3 O-O 14.a4 f5 15.f4 b6
16.Na3 Bd7 17.Qb3 Qc7 18.Re3 Bf6 19.Rae1 Rfb8 20.Kh1 Nf8 21.Nc4 b5 22.axb5 axb5
23.Ne5 c4 24.Qd1 dxe5 25.fxe5 Bg5 26.e6 f4 27.Re5 fxg3 28.Rxg5 Qf4 29.Rg4 Qh6
30.Rxg3 Be8 31.Qd4 Kh8 32.d6 Qf6 33.Rf3 Nxe6 34.Rxf6  1-0

[Event "21st Czech GM Open"]
[Site "Pardubice CZE"]
[Date "2010.07.29"]
[Round "7"]
[White "Rogule,L"]
[Black "Pileckis,E"]
[Result "0-1"]
[WhiteElo "2305"]
[BlackElo "2438"]

1.e4 c5 2.Nf3 Nc6 3.Bb5 g6 4.Bxc6 dxc6 5.d3 Bg7 6.Nc3 Bg4 7.h3 Bxf3 8.Qxf3 Nf6
9.O-O O-O 10.Be3 b6 11.Qe2 e5 12.Qd2 Qd7 13.a4 a5 14.Rad1 Qe6 15.b3 Kh8 16.Ne2 Rad8
17.Ng3 h5 18.Bg5 Rd7 19.f4 exf4 20.Qxf4 Nh7 21.Bh6 Bd4+ 22.Kh1 Rg8 23.h4 Nf6
24.Ne2 Ng4 25.Bg5 Be3 26.Bf6+ Kh7 27.Qf3 Bh6 28.Bb2 Qe7 29.Bf6 Qd6 30.Ng3 Nxf6
31.e5 Qxe5 32.Rde1 Qc7 33.Qxf6 Qxg3 34.Re7 Bg7  0-1